[Event "Marseille Christmas rapid"]
[Site "Marseille"]
[Date "2019.12.29"]
[Round "4"]
[White "Abello, Sebastien"]
[Black "Bacrot, Etienne"]
[Result "1/2-1/2"]
[WhiteElo "2331"]
[BlackElo "2669"]
[PlyCount "217"]
[EventDate "2019.12.28"]
[EventType "swiss (rapid)"]
[EventRounds "9"]
[EventCountry "FRA"]
[SourceTitle "CBM 194 Extra"]
[Source "ChessBase"]
[SourceDate "2020.03.31"]
[SourceVersion "1"]
[SourceVersionDate "2020.03.31"]
[SourceQuality "1"]

1. d4 Nf6 2. c4 e6 3. g3 d5 4. Nf3 Be7 5. Bg2 0-0 6. 0-0 b6 7. cxd5 exd5 8. Nc3 Bb7 9. Bf4 Nbd7 10. Rc1 a6 11. Ne5 Re8 12. Qb3 Bd6 13. Rfd1 Nxe5 14. dxe5 Bxe5 15. Nxd5 Nxd5 16. Bxd5 Bxd5 17. Rxd5 Qf6 18. Bxe5 Rxe5 19. Qd3 Rxd5 20. Qxd5 Rd8 21. Qc6 Qxc6 22. Rxc6 Rd7 23. b4 Kf8 24. a4 Rd4 25. a5 Rxb4 26. Rxc7 bxa5 27. Rc6 a4 28. Rxa6 Ke7 29. Kg2 Kd7 30. Kf3 Kc7 31. Ke3 Kb7 32. Ra5 Kb6 33. Ra8 Kb5 34. Kd3 Rg4 35. e4 Rg6 36. e5 Rh6 37. Rb8+ Kc5 38. Rb7 a3 39. Ra7 Rxh2 40. Rxa3 Rxf2 41. Ke3 Rf1 42. Rd3 Kc6 43. Rd8 h5 44. Rg8 g6 45. Rd8 Kc7 46. Rd6 Rf5 47. Ke4 Rf2 48. Ke3 Rf1 49. Rd2 Kc6 50. Rd6+ Kc5 51. Rd8 g5 52. Rh8 Kd5 53. Rxh5 Rf5 54. g4 Rxe5+ 55. Kf3 Kd4 56. Rh8 Re3+ 57. Kf2 Re4 58. Kf3 Re3+ 59. Kf2 Ra3 60. Re8 Ra7 61. Kf3 Kd5 62. Re2 Ra3+ 63. Kf2 f6 64. Re8 Ra6 65. Kf3 Re6 66. Ra8 Rb6 67. Re8 Rb3+ 68. Kf2 Kd6 69. Re1 Rb4 70. Kf3 Rf4+ 71. Kg3 Kd5 72. Re8 Re4 73. Rd8+ Ke5 74. Kf3 Rf4+ 75. Kg3 Ke6 76. Re8+ Kf7 77. Ra8 Rb4 78. Ra3 Ke6 79. Re3+ Kf7 80. Ra3 Rb5 81. Rc3 Ke6 82. Re3+ Re5 83. Ra3 Kd5 84. Ra5+ Ke4 85. Ra4+ Kd5 86. Ra5+ Ke6 87. Ra6+ Kf7 88. Ra3 Rd5 89. Re3 Rd4 90. Kf3 Rd6 91. Kg3 Re6 92. Ra3 Ke7 93. Kf3 Rc6 94. Re3+ Kd6 95. Re8 Kd5 96. Rd8+ Rd6 97. Re8 Re6 98. Rd8+ Ke5 99. Ra8 Rc6 100. Ra5+ Kd4 101. Ra4+ Kd5 102. Ra5+ Rc5 103. Ra3 Rc4 104. Re3 Rf4+ 105. Kg3 Kd4 106. Ra3 Re4 107. Kf3 Rf4+ 108. Kg3 Rf1 109. Ra4+ 1/2-1/2

[Event "Marseille Christmas rapid"]
[Site "Marseille"]
[Date "2019.12.29"]
[Round "6"]
[White "Abello, Sebastien"]
[Black "Riff, Jean Noel"]
[Result "1-0"]
[WhiteElo "2331"]
[BlackElo "2499"]
[PlyCount "99"]
[EventDate "2019.12.28"]
[EventType "swiss (rapid)"]
[EventRounds "9"]
[EventCountry "FRA"]
[SourceTitle "CBM 194 Extra"]
[Source "ChessBase"]
[SourceDate "2020.03.31"]
[SourceVersion "1"]
[SourceVersionDate "2020.03.31"]
[SourceQuality "1"]

1. d4 Nf6 2. c4 e6 3. g3 Bb4+ 4. Bd2 Qe7 5. Nf3 Bxd2+ 6. Qxd2 Nc6 7. Nc3 0-0 8. Bg2 d5 9. Ne5 dxc4 10. 0-0 Nxe5 11. dxe5 Nd7 12. f4 Rb8 13. Ne4 b5 14. Qa5 Bb7 15. Qxa7 Bxe4 16. Bxe4 Qc5+ 17. Qxc5 Nxc5 18. Bf3 Rfd8 19. Rfd1 Kf8 20. Bc6 Rxd1+ 21. Rxd1 Ke7 22. Kf2 Rb6 23. Bf3 Na4 24. Rd2 b4 25. Rc2 c3 26. bxc3 Nxc3 27. a3 c5 28. axb4 cxb4 29. Ke1 Kd7 30. Kd2 Kc7 31. Kd3 Rb5 32. Kc4 Kb6 33. Rb2 Ka5 34. Rd2 Na4 35. Rd8 Rc5+ 36. Kb3 Rc3+ 37. Ka2 b3+ 38. Kb1 b2 39. Ra8+ Kb4 40. Rxa4+ Kxa4 41. Kxb2 Rc7 42. Be4 h6 43. Bd3 Kb4 44. Ba6 Kc5 45. e3 Kd5 46. Bd3 g5 47. Bb1 Rb7+ 48. Kc1 Kc4 49. Be4 Kc3 50. Bxb7 1-0

[Event "Vaujany op-A 8th"]
[Site "Vaujany"]
[Date "2017.07.21"]
[Round "9.7"]
[White "Van Osch, Mees"]
[Black "Abello, Sebastien"]
[Result "0-1"]
[WhiteElo "2316"]
[BlackElo "2362"]
[PlyCount "80"]
[EventDate "2017.07.13"]
[EventType "swiss"]
[EventRounds "9"]
[EventCountry "FRA"]
[SourceTitle "EXT 2020"]
[Source "ChessBase"]
[SourceDate "2019.10.17"]
[SourceVersion "1"]
[SourceVersionDate "2019.10.17"]
[SourceQuality "1"]

1. e4 e6 2. d4 d5 3. Nc3 Nf6 4. e5 Nfd7 5. f4 c5 6. Nf3 Nc6 7. Be3 a6 8. Qd2 b5 9. dxc5 Bxc5 10. Bd3 Qb6 11. Bf2 Bb7 12. a3 Rc8 13. 0-0 Bxf2+ 14. Rxf2 Nc5 15. f5 b4 16. axb4 Nxb4 17. Na4 Nxa4 18. Rxa4 Nxd3 19. cxd3 exf5 20. Nd4 g6 21. e6 0-0 22. Nxf5 Qxe6 23. Nh6+ Kg7 24. Rb4 Rc7 25. Ng4 f5 26. Re2 Qc6 27. Qh6+ Kg8 28. Rf4 Qc1+ 29. Kf2 Qxf4+ 30. Qxf4 fxg4 31. Kg3 Rxf4 32. Kxf4 Kf7 33. Kxg4 Bc8+ 34. Kg5 Bf5 35. Re5 Rb7 36. g4 Bxd3 37. Rxd5 Rb5 38. Rxb5 axb5 39. Kh6 Ke6 40. Kxh7 Kd5 0-1

[Event "Sliema XYChess"]
[Site "Sliema"]
[Date "2014.05.26"]
[Round "8"]
[White "Abello, Sebastien"]
[Black "Petrisor, Adrian Marian"]
[Result "0-1"]
[WhiteElo "2327"]
[BlackElo "2405"]
[PlyCount "106"]
[EventDate "2014.05.21"]
[EventType "tourn"]
[EventRounds "9"]
[EventCountry "MLT"]
[SourceTitle "CBM 160 Extra"]
[Source "ChessBase"]
[SourceDate "2014.07.01"]
[SourceVersion "1"]
[SourceVersionDate "2014.07.01"]
[SourceQuality "1"]

1. d4 Nf6 2. c4 e6 3. Nc3 Bb4 4. e3 0-0 5. Nge2 Re8 6. a3 Bf8 7. d5 a5 8. g3 Na6 9. Bg2 Nc5 10. b3 d6 11. 0-0 exd5 12. cxd5 Ng4 13. Nd4 Ne5 14. e4 g6 15. h3 Bg7 16. Be3 f5 17. exf5 gxf5 18. Nce2 Ng6 19. Rc1 Be5 20. Qd2 a4 21. b4 Nb3 22. Nxb3 axb3 23. Bd4 Rxa3 24. Ra1 Rxa1 25. Rxa1 Bd7 26. Ra3 Bb5 27. Bxe5 Nxe5 28. Rxb3 Nc4 29. Qd1 Ba4 30. Nd4 Qf6 31. Ne6 Ra8 32. Nxc7 Bxb3 33. Qxb3 Ra1+ 34. Kh2 Qd4 35. Qf3 Qd1 36. h4 Qxf3 37. Bxf3 Ne5 38. Bh5 Ra2 39. Ne8 Nc4 40. Kg2 Rb2 41. Kf3 Rxb4 42. Kf4 Kf8 43. Kxf5 Ke7 44. Nf6 Rb2 45. f4 b5 46. Nxh7 b4 47. Kg6 Rg2 48. Ng5 b3 49. Kg7 Rxg3 50. Bg6 Ne3 51. h5 Nxd5 52. h6 Nxf4 53. h7 Nxg6 0-1

[Event "Sliema XYChess"]
[Site "Sliema"]
[Date "2014.05.25"]
[Round "7"]
[White "Bouzidi, Ahmed"]
[Black "Abello, Sebastien"]
[Result "1/2-1/2"]
[WhiteElo "2211"]
[BlackElo "2327"]
[PlyCount "142"]
[EventDate "2014.05.21"]
[EventType "tourn"]
[EventRounds "9"]
[EventCountry "MLT"]
[SourceTitle "CBM 160 Extra"]
[Source "ChessBase"]
[SourceDate "2014.07.01"]
[SourceVersion "1"]
[SourceVersionDate "2014.07.01"]
[SourceQuality "1"]

1. e4 e6 2. d4 d5 3. Nc3 Nf6 4. Bg5 Bb4 5. e5 h6 6. Bd2 Bxc3 7. bxc3 Ne4 8. Qg4 g6 9. Bd3 Nxd2 10. Kxd2 c5 11. h4 c4 12. Be2 Nd7 13. Nh3 Qe7 14. a4 a5 15. f4 Rg8 16. h5 f5 17. Qf3 g5 18. g4 Nb6 19. fxg5 hxg5 20. gxf5 exf5 21. h6 g4 22. Qg3 Be6 23. h7 Rh8 24. Nf4 Nd7 25. Rh6 Nf8 26. Rah1 Ra6 27. Qh4 Bf7 28. Rxa6 bxa6 29. Bf1 Qxh4 30. Rxh4 Rxh7 31. Rxh7 Nxh7 32. Bg2 Ng5 33. Ke3 Kd7 34. Bxd5 Bxd5 35. Nxd5 g3 36. Nf4 Ne4 37. d5 Nxc3 38. Kd4 Nxa4 39. Kxc4 Nb6+ 40. Kc5 a4 41. e6+ Kd8 42. Kxb6 a3 43. d6 a2 44. e7+ Kd7 45. e8Q+ Kxe8 46. Kc7 a1Q 47. d7+ Kf7 48. d8Q Qa5+ 49. Kc8 Qc5+ 50. Kb7 Qb4+ 51. Kxa6 Qxf4 52. Qd5+ Kf6 53. c4 Qe3 54. c5 Qe6+ 55. Qxe6+ Kxe6 56. c6 Kd6 57. Kb7 g2 58. c7 g1Q 59. c8Q Qb1+ 60. Ka6 Qa2+ 61. Kb5 Qd5+ 62. Kb4 Ke5 63. Qh8+ Ke4 64. Qh1+ Kd4 65. Qa1+ Ke3 66. Qe1+ Kf4 67. Qh4+ Ke5 68. Qh8+ Ke6 69. Qg8+ Kd6 70. Qd8+ Kc6 71. Qa8+ Kd6 1/2-1/2

[Event "Sliema XYChess"]
[Site "Sliema"]
[Date "2014.05.21"]
[Round "1"]
[White "Abello, Sebastien"]
[Black "Kohlweyer, Bernd"]
[Result "0-1"]
[WhiteElo "2327"]
[BlackElo "2422"]
[PlyCount "56"]
[EventDate "2014.05.21"]
[EventType "tourn"]
[EventRounds "9"]
[EventCountry "MLT"]
[SourceTitle "CBM 160 Extra"]
[Source "ChessBase"]
[SourceDate "2014.07.01"]
[SourceVersion "1"]
[SourceVersionDate "2014.07.01"]
[SourceQuality "1"]

1. d4 Nf6 2. c4 e6 3. Nc3 Bb4 4. f3 d5 5. a3 Bxc3+ 6. bxc3 Nc6 7. e3 e5 8. cxd5 Nxd5 9. Ne2 0-0 10. g3 Re8 11. Kf2 e4 12. Bg2 Bf5 13. Rf1 Qe7 14. f4 Nb6 15. h3 h5 16. Rg1 Rad8 17. a4 Nc4 18. Qb3 N6a5 19. Qb5 g6 20. Ba3 Qf6 21. Qc5 b6 22. Qb4 Qc6 23. Rh1 Rd5 24. Qb1 Nxe3 25. Qa2 Nxg2 26. Kxg2 e3 27. Rhg1 Nc4 28. Bc1 Kg7 0-1

[Event "San Sebastian op 34th"]
[Site "San Sebastian"]
[Date "2011.04.23"]
[Round "9"]
[White "Bas Mas, Jose Joaquin"]
[Black "Abello, Sebastien"]
[Result "0-1"]
[WhiteElo "2150"]
[BlackElo "2337"]
[PlyCount "44"]
[EventDate "2011.04.16"]
[EventType "swiss"]
[EventRounds "9"]
[EventCountry "ESP"]
[SourceTitle "CBM 141 Extra"]
[Source "ChessBase"]
[SourceDate "2011.05.03"]
[SourceVersion "1"]
[SourceVersionDate "2011.05.03"]
[SourceQuality "1"]

1. e4 e6 2. d4 d5 3. Nd2 Be7 4. Bd3 c5 5. dxc5 Nf6 6. Qe2 0-0 7. Ngf3 a5 8. 0-0 Na6 9. e5 Nd7 10. c3 Naxc5 11. Bc2 b6 12. Qe3 f6 13. exf6 Bxf6 14. Nb3 g6 15. Ng5 Qe7 16. h4 e5 17. h5 e4 18. hxg6 hxg6 19. f3 Ba6 20. Rf2 Ne5 21. Nh3 Bh4 22. fxe4 Ng4 0-1

[Event "San Sebastian op 34th"]
[Site "San Sebastian"]
[Date "2011.04.21"]
[Round "7"]
[White "Franco Alonso, Alejandro"]
[Black "Abello, Sebastien"]
[Result "1-0"]
[WhiteElo "2489"]
[BlackElo "2337"]
[PlyCount "89"]
[EventDate "2011.04.16"]
[EventType "swiss"]
[EventRounds "9"]
[EventCountry "ESP"]
[SourceTitle "CBM 141 Extra"]
[Source "ChessBase"]
[SourceDate "2011.05.03"]
[SourceVersion "1"]
[SourceVersionDate "2011.05.03"]
[SourceQuality "1"]

1. Nf3 c5 2. c4 Nc6 3. d4 cxd4 4. Nxd4 g6 5. e4 Bg7 6. Be3 Nf6 7. Nc3 0-0 8. Be2 d6 9. 0-0 Nxd4 10. Bxd4 Bd7 11. Qd2 Bc6 12. f3 a5 13. Rab1 Nd7 14. Be3 Nc5 15. b3 Qb6 16. Rfc1 Rfc8 17. Rc2 Qd8 18. Bf1 Be5 19. a3 h5 20. Kh1 Qf8 21. b4 axb4 22. axb4 Na4 23. Nd5 e6 24. Nf4 Qg7 25. Ne2 Rd8 26. Nd4 Be8 27. Rd1 Rac8 28. Qc1 Kh7 29. Rd3 Ra8 30. Qd2 Rac8 31. Be2 Bf6 32. h3 Rb8 33. Bf1 Rbc8 34. Kg1 Qh8 35. Nb3 Qf8 36. Bf4 d5 37. exd5 exd5 38. c5 b6 39. Rxd5 bxc5 40. bxc5 Nxc5 41. Rcxc5 Rxc5 42. Rxd8 Bxd8 43. Qxd8 Rc3 44. Nd4 Qc5 45. Qf6 1-0

[Event "San Sebastian op 34th"]
[Site "San Sebastian"]
[Date "2011.04.19"]
[Round "4"]
[White "Abello, Sebastien"]
[Black "Bottema, Martin"]
[Result "1/2-1/2"]
[WhiteElo "2337"]
[BlackElo "2074"]
[PlyCount "50"]
[EventDate "2011.04.16"]
[EventType "swiss"]
[EventRounds "9"]
[EventCountry "ESP"]
[SourceTitle "CBM 141 Extra"]
[Source "ChessBase"]
[SourceDate "2011.05.03"]
[SourceVersion "1"]
[SourceVersionDate "2011.05.03"]
[SourceQuality "1"]

1. d4 d5 2. c4 c6 3. Nf3 Nf6 4. e3 Bf5 5. Nc3 e6 6. Nh4 Bg6 7. Be2 Nbd7 8. 0-0 Be7 9. g3 0-0 10. Nxg6 hxg6 11. b3 Bb4 12. Bb2 Qa5 13. Qc2 Ba3 14. Rad1 Bxb2 15. Qxb2 Qc7 16. Bf3 Nb6 17. Qe2 a5 18. Bg2 Qe7 19. Qd3 Rfd8 20. f4 c5 21. Nb5 a4 22. Qe2 axb3 23. axb3 Rdc8 24. cxd5 exd5 25. h3 c4 1/2-1/2

[Event "San Sebastian op 34th"]
[Site "San Sebastian"]
[Date "2011.04.18"]
[Round "3"]
[White "Hansen, Torbjorn Ringdal"]
[Black "Abello, Sebastien"]
[Result "1-0"]
[WhiteElo "2459"]
[BlackElo "2337"]
[PlyCount "109"]
[EventDate "2011.04.16"]
[EventType "swiss"]
[EventRounds "9"]
[EventCountry "ESP"]
[SourceTitle "CBM 141 Extra"]
[Source "ChessBase"]
[SourceDate "2011.05.03"]
[SourceVersion "1"]
[SourceVersionDate "2011.05.03"]
[SourceQuality "1"]

1. e4 e6 2. d4 d5 3. Nd2 Be7 4. Bd3 c5 5. dxc5 Nf6 6. Qe2 0-0 7. Ngf3 a5 8. a3 Nfd7 9. exd5 exd5 10. Nb3 Nc6 11. 0-0 Bf6 12. Be3 Re8 13. Qd2 Bxb2 14. Rad1 a4 15. c4 dxc4 16. Bxc4 Qf6 17. Nbd4 Bxd4 18. Nxd4 Nxc5 19. Nxc6 Ne4 20. Qd8 Qxc6 21. Bd5 Rxd8 22. Bxc6 Nd6 23. Bb6 Rf8 24. Bd5 Bf5 25. Bc5 Nb5 26. Bxf8 Rxf8 27. Bxb7 Bc2 28. Ra1 Rb8 29. Rfe1 Kf8 30. Be4 Bb3 31. h4 g6 32. Bd3 Nd4 33. Rac1 Rd8 34. Re3 Kg7 35. Rc7 Kf6 36. Bc4 Ne6 37. Rc6 Rb8 38. g3 Ke7 39. Bxe6 Bxe6 40. Ra6 Rb1+ 41. Kg2 Kf6 42. Rxa4 Bd5+ 43. f3 Rb2+ 44. Kh3 h5 45. g4 hxg4+ 46. fxg4 Rb1 47. Ra6+ Kg7 48. a4 Rh1+ 49. Kg3 Rg1+ 50. Kf4 Rh1 51. Rd6 Bc4 52. Rc3 Ba2 53. a5 Rxh4 54. Kg3 Rh8 55. a6 1-0

[Event "San Sebastian op 34th"]
[Site "San Sebastian"]
[Date "2011.04.17"]
[Round "2"]
[White "Abello, Sebastien"]
[Black "Severri Arrese, Carlos"]
[Result "1-0"]
[WhiteElo "2337"]
[BlackElo "2013"]
[PlyCount "51"]
[EventDate "2011.04.16"]
[EventType "swiss"]
[EventRounds "9"]
[EventCountry "ESP"]
[SourceTitle "CBM 141 Extra"]
[Source "ChessBase"]
[SourceDate "2011.05.03"]
[SourceVersion "1"]
[SourceVersionDate "2011.05.03"]
[SourceQuality "1"]

1. d4 d6 2. Nf3 Bg4 3. c4 c6 4. Qb3 Qb6 5. Nc3 g6 6. Be3 Bh6 7. Bxh6 Nxh6 8. Nd2 Bc8 9. e3 Nd7 10. Qc2 Nf6 11. h3 Nhg8 12. Be2 e6 13. c5 dxc5 14. Nc4 Qc7 15. dxc5 Kf8 16. b4 e5 17. Nd6 h6 18. Bc4 Rh7 19. 0-0 g5 20. Nce4 Rg7 21. Rad1 b5 22. Bb3 h5 23. Nxf6 Nxf6 24. Nxc8 Rxc8 25. Qf5 Re8 26. Qxf6 1-0

[Event "FRA-chT2 South 0809"]
[Site "France"]
[Date "2009.04.05"]
[Round "11.1"]
[White "Abello, Sebastien"]
[Black "Favarel, Julien"]
[Result "0-1"]
[WhiteElo "2290"]
[BlackElo "2288"]
[PlyCount "80"]
[EventDate "2008.10.12"]
[EventType "team-tourn"]
[EventRounds "11"]
[EventCountry "FRA"]
[SourceTitle "EXT 2010"]
[Source "ChessBase"]
[SourceDate "2010.11.25"]
[SourceVersion "1"]
[SourceVersionDate "2010.11.25"]
[SourceQuality "1"]
[WhiteTeam "Vitrolles"]
[BlackTeam "Agen"]
[WhiteTeamCountry "FRA"]
[BlackTeamCountry "FRA"]

1. d4 Nf6 2. c4 g6 3. Nc3 Bg7 4. e4 d6 5. f3 0-0 6. Nge2 c5 7. d5 e6 8. Ng3 exd5 9. cxd5 Nh5 10. Nxh5 gxh5 11. Bf4 a6 12. a4 f5 13. Qd2 Qf6 14. Bg5 Qf7 15. Bd3 Nd7 16. 0-0 Ne5 17. Rae1 h6 18. Bf4 fxe4 19. fxe4 Qg6 20. Kh1 Bd7 21. Re3 Kh7 22. h3 Qe8 23. Rg3 Qe7 24. Bxe5 Rxf1+ 25. Bxf1 Bxe5 26. Rf3 Rf8 27. Qf2 Rxf3 28. Qxf3 Qf6 29. Qxf6 Bxf6 30. Bd3 Kg7 31. a5 Bd4 32. Kh2 h4 33. g4 hxg3+ 34. Kxg3 Kf6 35. h4 Ke5 36. Bc2 Be3 37. b3 Bd2 38. Ne2 Be1+ 39. Kf3 Bxh4 40. Nf4 Bd8 0-1

[Event "FRA-chT2 South 0809"]
[Site "France"]
[Date "2009.01.17"]
[Round "5.1"]
[White "Abello, Sebastien"]
[Black "Petrossian, Armen"]
[Result "0-1"]
[WhiteElo "2285"]
[BlackElo "2411"]
[PlyCount "100"]
[EventDate "2008.10.12"]
[EventType "team-tourn"]
[EventRounds "11"]
[EventCountry "FRA"]
[SourceTitle "EXT 2010"]
[Source "ChessBase"]
[SourceDate "2010.11.25"]
[SourceVersion "1"]
[SourceVersionDate "2010.11.25"]
[SourceQuality "1"]
[WhiteTeam "Vitrolles"]
[BlackTeam "Marseille Echecs II"]
[WhiteTeamCountry "FRA"]
[BlackTeamCountry "FRA"]

1. d4 Nf6 2. c4 d6 3. Nc3 Nbd7 4. e4 e5 5. Nf3 Be7 6. Be2 0-0 7. 0-0 c6 8. Qc2 Qc7 9. Rd1 Re8 10. Be3 Ng4 11. Bc1 a5 12. Rb1 exd4 13. Nxd4 Nc5 14. f3 Nf6 15. Be3 Bd7 16. Nb3 b6 17. Nd4 Rac8 18. Bf2 Qb8 19. a3 a4 20. Nxa4 d5 21. Nxc5 Bxc5 22. Bg3 Qa7 23. b4 Bxd4+ 24. Rxd4 dxe4 25. fxe4 c5 26. bxc5 bxc5 27. Rdd1 Ba4 28. Qd3 Bxd1 29. Rxd1 Rxe4 30. Bf2 Ree8 31. Bf3 Qe7 32. Re1 Qd7 33. Rxe8+ Rxe8 34. Qxd7 Nxd7 35. Bc6 Re7 36. Bxd7 Rxd7 37. Bxc5 Rc7 38. Bb4 Rxc4 39. Kf2 f6 40. Kf3 Kf7 41. g3 h5 42. h3 Kg6 43. Ke3 Kf5 44. Kf3 Rd4 45. Ke3 Rd1 46. Ke2 Rb1 47. Kf3 Rb3+ 48. Kg2 Ke4 49. h4 Rb2+ 50. Kh3 Kf5 0-1

[Event "FRA-chT2 South 0708"]
[Site "France"]
[Date "2008.04.05"]
[Round "10.2"]
[White "Lacroix, Romain"]
[Black "Abello, Sebastien"]
[Result "0-1"]
[WhiteElo "2149"]
[BlackElo "2298"]
[PlyCount "96"]
[EventDate "2007.10.21"]
[EventType "team"]
[EventRounds "11"]
[EventCountry "FRA"]
[SourceTitle "EXT 2009"]
[Source "ChessBase"]
[SourceDate "2008.11.26"]
[SourceVersion "1"]
[SourceVersionDate "2008.11.26"]
[SourceQuality "1"]
[WhiteTeam "Tournefeuille"]
[BlackTeam "Vitrolles"]
[WhiteTeamCountry "FRA"]
[BlackTeamCountry "FRA"]

1. e4 c5 2. Nc3 Nc6 3. f4 g6 4. Nf3 Bg7 5. Bb5 Na5 6. 0-0 a6 7. Be2 d6 8. d4 cxd4 9. Nxd4 Nf6 10. e5 dxe5 11. fxe5 Nd5 12. e6 fxe6 13. Nxd5 exd5 14. Be3 e5 15. Nb3 Nxb3 16. axb3 Be6 17. Qd2 Rc8 18. Qb4 Qe7 19. Qb6 Rc6 20. Qa7 d4 21. Bf3 Rc7 22. Bxd4 exd4 23. Rfe1 0-0 24. Bd5 Bxd5 25. Rxe7 Rxe7 26. Qc5 Re5 27. Qd6 Bc6 28. Rf1 Rxf1+ 29. Kxf1 Rf5+ 30. Kg1 Rf8 31. h4 Rf6 32. Qd8+ Kf7 33. g4 Re6 34. Kf2 Be5 35. g5 Re8 36. Qa5 Ke6 37. c3 Rf8+ 38. Ke2 Rf4 39. Qd8 dxc3 40. bxc3 Re4+ 41. Kd3 Rxh4 42. Qc8+ Ke7 43. Qg8 Rh3+ 44. Kc4 a5 45. Kc5 Rxc3+ 46. Kb6 Rh3 47. Kxa5 Rh5 48. b4 Bc7# 0-1

[Event "FRA-chT2 South 0607"]
[Site "France"]
[Date "2007.01.21"]
[Round "6.4"]
[White "Abello, Sebastien"]
[Black "Di Paolo, Raffaele"]
[Result "1/2-1/2"]
[WhiteElo "2251"]
[BlackElo "2329"]
[PlyCount "64"]
[EventDate "2006.10.15"]
[EventType "team"]
[EventRounds "11"]
[EventCountry "FRA"]
[SourceTitle "EXT 2008"]
[Source "ChessBase"]
[SourceDate "2007.11.25"]
[SourceVersion "1"]
[SourceVersionDate "2007.11.25"]
[SourceQuality "1"]
[WhiteTeam "Vitrolles"]
[BlackTeam "Grasse"]
[WhiteTeamCountry "FRA"]
[BlackTeamCountry "FRA"]

1. d4 Nf6 2. c4 g6 3. Nc3 Bg7 4. e4 d6 5. f3 0-0 6. Be3 e5 7. d5 Nh5 8. Qd2 Qh4+ 9. Kd1 Qe7 10. Kc2 f5 11. Rc1 Na6 12. Kb1 c5 13. Nge2 Nc7 14. Rc2 Bd7 15. Bxc5 b5 16. cxb5 Nxb5 17. Nxb5 Bxb5 18. Ba3 fxe4 19. fxe4 Rf2 20. Qe1 Raf8 21. Ng3 Rxc2 22. Kxc2 Ba4+ 23. b3 Nxg3 24. hxg3 Qc7+ 25. Kb1 Qb6 26. Qb4 Qe3 27. Qxa4 Qe1+ 28. Bc1 Rc8 29. Qa3 Qxe4+ 30. Ka1 Qd4+ 31. Kb1 Qe4+ 32. Ka1 Qd4+ 1/2-1/2